Python For Data Analysis (Record no. 341461)

MARC details
000 -LEADER
fixed length control field 00458nam a2200169Ia 4500
008 - FIXED-LENGTH DATA ELEMENTS--GENERAL INFORMATION
fixed length control field 230718s9999 xx 000 0 und d
020 ## - INTERNATIONAL STANDARD BOOK NUMBER
International Standard Book Number 9789351100065
041 ## - LANGUAGE CODE
Language code of text/sound track or separate title eng
082 ## - DEWEY DECIMAL CLASSIFICATION NUMBER
Classification number 005.13'3
Item number MCK
100 ## - MAIN ENTRY--PERSONAL NAME
Personal name Mckinney W.
9 (RLIN) 195709
245 ## - TITLE STATEMENT
Title Python For Data Analysis
260 ## - PUBLICATION, DISTRIBUTION, ETC. (IMPRINT)
Date of publication, distribution, etc. 2013
Name of publisher, distributor, etc. O'Reilly/SPD
300 ## - PHYSICAL DESCRIPTION
Extent 452
365 ## - TRADE PRICE
Currency code Rs.
Price amount 625.00
700 ## - ADDED ENTRY--PERSONAL NAME
Personal name Mckinney W.
9 (RLIN) 195709
906 ## - LOCAL DATA ELEMENT F, LDF (RLIN)
d O:0490529-Jan-2016B:SE/SI/248413-Oct-2015
c COMP
b 156.25
Holdings
Withdrawn status Lost status Damaged status Not for loan Home library Current library Date acquired Vendor Budget Code Cost, normal purchase price Bill number Total Checkouts Full call number Barcode Date last seen Discount Cost, replacement price Bill Date Koha item type Original Barcode
        Cummins College of Engineering for Women Pune Cummins College of Engineering for Women Pune 29/01/2016 Suyog Enterprises COMP 468.75 SE/SI/2484   005.13'3 CCEP-BK-52668 18/07/2023 156.25 625.00 13/10/2015 Books 052668